| 000 | 00393nam a22001697a 4500 | ||
|---|---|---|---|
| 005 | 20180220164720.0 | ||
| 008 | 160613b xxu||||| |||| 00| 0 eng d | ||
| 020 | _a9971-51-215-7 | ||
| 041 | _aeng | ||
| 082 |
_b7235 _a155.2 |
||
| 100 |
_aHall, Calvin Sand others _91792 |
||
| 245 | _aTheories of Personality | ||
| 260 | _bWiley | ||
| 300 | _a651 | ||
| 650 |
_aManagement _9241 |
||
| 942 | _cBK | ||
| 999 |
_c2517 _d2516 |
||